000
00302nam a22001337a 4500
008
180227b xxu||||| |||| 00| 0 eng d
020
_a
9781133311195
041
_a
eng
080
_2
4th
_a
37
100
_a
25
101
_a
EDU
245
_a
The composition of everyday life
_c
Mauk,J
942
_2
udc
_c
BK
999
_c
43611
_d
43611